[Event "EU-ch (Women) 24th"]
[Site "Rhodes"]
[Date "2024.04.23"]
[Round "5"]
[White "Javakhishvili, Lela"]
[Black "Benmesbah, Natacha"]
[Result "1-0"]
[WhiteElo "2447"]
[BlackElo "2306"]
[PlyCount "39"]
[EventDate "2024.04.19"]
[EventType "swiss"]
[EventRounds "10"]
[EventCountry "GRE"]
[SourceTitle "CB18_2024"]
[SourceDate "2024.05.01"]
[SourceVersion "1"]
[SourceVersionDate "2024.05.01"]
[SourceQuality "2"]

1. d4 Nf6 2. c4 g6 3. Nc3 Bg7 4. e4 d6 5. h3 0-0 6. Be3 Nbd7 7. g4 e5 8. d5 Nc5 9. f3 a5 10. Nge2 c6 11. Ng3 b5 12. g5 Ne8 13. dxc6 Ne6 14. cxb5 f5 15. exf5 Nxg5 16. h4 Nf7 17. b6 gxf5 18. b7 Rb8 19. Nd5 Nf6 20. c7 1-0

[Event "WchT (Women) Final"]
[Site "Bydgoszcz"]
[Date "2023.09.09"]
[Round "1.1"]
[White "Kulon, Klaudia"]
[Black "Benmesbah, Natacha"]
[Result "1-0"]
[WhiteElo "2319"]
[BlackElo "2267"]
[PlyCount "85"]
[EventDate "2023.09.09"]
[EventType "team-k.o. (rapid)"]
[EventRounds "3"]
[EventCountry "POL"]
[SourceTitle "EXT 2024"]
[Source "ChessBase"]
[SourceDate "2023.10.10"]
[SourceVersion "1"]
[SourceVersionDate "2023.10.10"]
[SourceQuality "1"]
[WhiteTeam "Poland (W)"]
[BlackTeam "France (W)"]
[WhiteTeamCountry "POL"]
[BlackTeamCountry "FRA"]

1. d4 Nf6 2. Bg5 c5 3. d5 Ne4 4. h4 Qb6 5. Nd2 Nxd2 6. Bxd2 e6 7. e4 Qxb2 8. Nf3 Be7 9. Rb1 Qa3 10. Ne5 0-0 11. Bb5 exd5 12. Rh3 Qxa2 13. Qc1 d6 14. Ra3 Qxa3 15. Qxa3 dxe5 16. exd5 b6 17. d6 Bxd6 18. Qf3 a6 19. Qxa8 axb5 20. Rxb5 Nd7 21. Qc6 Bb8 22. h5 h6 23. Rb3 Kh7 24. Rg3 Nf6 25. Rxg7+ Kxg7 26. Bxh6+ Kxh6 27. Qxf6+ Kxh5 28. f3 Rg8 29. Qxf7+ Rg6 30. Qe8 Bf5 31. g4+ Bxg4 32. fxg4+ Kg5 33. Qxb8 Kf4 34. c4 Ke4 35. Qb7+ Ke3 36. Qg2 Kf4 37. Qb2 e4 38. Ke2 Rxg4 39. Qf6+ Kg3 40. Qxb6 Rg5 41. Ke3 Kh4 42. Qh6+ Kg4 43. Kxe4 1-0

[Event "WchT (Women) Pool-A"]
[Site "Bydgoszcz"]
[Date "2023.09.08"]
[Round "5.1"]
[White "Benmesbah, Natacha"]
[Black "Hrebenshchykova, Yelyzaveta"]
[Result "0-1"]
[WhiteElo "2267"]
[BlackElo "2324"]
[PlyCount "144"]
[EventDate "2023.09.06"]
[EventType "team (rapid)"]
[EventRounds "5"]
[EventCountry "POL"]
[SourceTitle "EXT 2024"]
[Source "ChessBase"]
[SourceDate "2023.10.10"]
[SourceVersion "1"]
[SourceVersionDate "2023.10.10"]
[SourceQuality "1"]
[WhiteTeam "France (W)"]
[BlackTeam "Ukraine (W)"]
[WhiteTeamCountry "FRA"]
[BlackTeamCountry "UKR"]

1. e4 c5 2. Nf3 e6 3. g3 Nc6 4. Bg2 Nf6 5. Qe2 d5 6. exd5 Nxd5 7. 0-0 Be7 8. Rd1 Bf6 9. c3 0-0 10. d4 cxd4 11. cxd4 b6 12. Nc3 Bb7 13. Ne5 Nxc3 14. bxc3 Qc8 15. Ng4 Be7 16. Bf4 Re8 17. h4 Na5 18. Bxb7 Qxb7 19. h5 h6 20. c4 Rac8 21. Rac1 Bf8 22. Ne5 Red8 23. g4 Nc6 24. Qe4 Qa8 25. Nxf7 Kxf7 26. d5 e5 27. Bxh6 Ne7 28. Bg5 Qb8 29. Rd3 Qd6 30. Rf3+ Kg8 31. Re1 b5 32. cxb5 Qxd5 33. Rfe3 Qxe4 34. Rxe4 Rc5 35. Rxe5 Rxe5 36. Rxe5 Rd5 37. Bf4 Rd4 38. Be3 Rxg4+ 39. Kf1 Ra4 40. Bc5 Kf7 41. a3 Ng8 42. Rf5+ Nf6 43. Bxf8 Kxf8 44. h6 Rh4 45. hxg7+ Kxg7 46. b6 axb6 47. Rb5 Nd7 48. Rd5 Nc5 49. Ke2 Kf7 50. Rd6 Re4+ 51. Kd2 Re6 52. Rxe6 Kxe6 53. Kc3 Kd6 54. Kb4 Kc6 55. f3 Nd3+ 56. Kc3 Nf4 57. Kb4 Nd5+ 58. Kc4 b5+ 59. Kd4 Kd6 60. a4 bxa4 61. Kc4 Nb6+ 62. Kb4 Ke5 63. Ka3 Kf4 64. Kb4 Kxf3 65. Ka3 Ke3 66. Ka2 Nc4 67. Ka1 Kd3 68. Ka2 Kc3 69. Ka1 Kb3 70. Kb1 Na3+ 71. Ka1 Nc2+ 72. Kb1 a3 0-1

[Event "FRA-ch (Women)"]
[Site "L'Alpe d'Huez"]
[Date "2023.08.19"]
[Round "1.2"]
[White "Tomasi, Elise"]
[Black "Benmesbah, Natacha"]
[Result "0-1"]
[WhiteElo "2030"]
[BlackElo "2279"]
[PlyCount "146"]
[EventDate "2023.08.18"]
[EventType "k.o."]
[EventRounds "4"]
[EventCountry "FRA"]
[SourceTitle "EXT 2024"]
[Source "ChessBase"]
[SourceDate "2023.10.10"]
[SourceVersion "1"]
[SourceVersionDate "2023.10.10"]
[SourceQuality "1"]

1. d4 Nf6 2. Nf3 g6 3. g3 b6 4. Bg2 Bb7 5. 0-0 Bg7 6. c4 0-0 7. d5 b5 8. Qb3 Qc8 9. Qxb5 c6 10. dxc6 Nxc6 11. Na3 Rb8 12. Qa4 Ne4 13. Rb1 Nc5 14. Qd1 Nb4 15. Bf4 d6 16. Qd2 Be4 17. Ra1 Na4 18. Bh6 Bxf3 19. Bxf3 Bxh6 20. Qxh6 Nxb2 21. Rfc1 Qc5 22. Qd2 Nc6 23. Bxc6 Qxa3 24. Qd4 Rfc8 25. Bd5 Qc5 26. Qxc5 Rxc5 27. Rab1 Rb6 28. a4 Nxa4 29. Ra1 Rb4 30. Ra3 e6 31. Rca1 Nb6 32. Bf3 Nc8 33. Kg2 Rcxc4 34. h4 h5 35. R3a2 d5 36. e3 Kg7 37. Be2 Rc7 38. Ba6 Nd6 39. Be2 Rbb7 40. Ba6 Rb6 41. Be2 Nc8 42. Ba6 Ne7 43. Be2 Nc6 44. Rc2 Rcb7 45. Ba6 Rb8 46. Rc3 Kf6 47. Bb5 Ne5 48. Bf1 Rb2 49. Kg1 R8b7 50. Rca3 Ng4 51. f3 Ne5 52. e4 dxe4 53. fxe4 R7b3 54. Rxb3 Rxb3 55. Kg2 Ng4 56. Be2 Rb2 57. Kf3 Rb7 58. Ra5 Ne5+ 59. Kf2 Nc6 60. Rc5 Rb6 61. Bb5 Ne5 62. Be2 Rb4 63. Ke3 Rb3+ 64. Kf2 Nd3+ 65. Bxd3 Rxd3 66. Ra5 Rd7 67. Kf3 Ke7 68. Kf4 Kd6 69. Kg5 Kc6 70. Kf6 Kb6 71. Ra1 a5 72. Rb1+ Kc5 73. Rb8 Ra7 0-1

[Event "FRA-chT Top 16 GpB"]
[Site "Chartres"]
[Date "2023.06.03"]
[Round "3.1"]
[White "Benmesbah, Natacha"]
[Black "Guichard, Pauline"]
[Result "1-0"]
[WhiteElo "2261"]
[BlackElo "2384"]
[PlyCount "129"]
[EventDate "2023.06.01"]
[EventType "team-tourn"]
[EventRounds "7"]
[EventCountry "FRA"]
[SourceTitle "CBM 214 Extra"]
[Source "ChessBase"]
[SourceDate "2023.07.31"]
[SourceVersion "1"]
[SourceVersionDate "2023.07.31"]
[SourceQuality "1"]
[WhiteTeam "Clichy Echecs 92"]
[BlackTeam "Asnieres"]
[WhiteTeamCountry "FRA"]
[BlackTeamCountry "FRA"]

1. d4 Nf6 2. Nc3 d5 3. Bf4 c5 4. e4 Nxe4 5. Nxe4 dxe4 6. dxc5 Qa5+ 7. c3 Qxc5 8. Qa4+ Bd7 9. Qxe4 Bc6 10. Qd3 e5 11. b4 Qd6 12. Qe3 Nd7 13. Bg3 Be7 14. Nf3 0-0 15. Bc4 Rac8 16. Bb3 Bb5 17. Rd1 Qc6 18. a4 Bxa4 19. Bxa4 Qxa4 20. 0-0 f6 21. Qe4 Rc7 22. Nd4 Rxc3 23. Nf5 Rf7 24. Qxb7 Bxb4 25. Ra1 Ra3 26. Rac1 Nf8 27. Qd5 a5 28. Rfd1 Qe8 29. f3 Qe6 30. Qe4 Rd7 31. Rxd7 Qxd7 32. Bf2 Rd3 33. h4 Rd1+ 34. Rxd1 Qxd1+ 35. Kh2 Qd7 36. g3 g6 37. Ne3 Kg7 38. Nd5 Bd6 39. Nb6 Qc7 40. Qd5 Bb4 41. Kg2 Qe7 42. Qc6 Qe6 43. Qb7+ Qf7 44. Qc6 Qe6 45. Qb7+ Qe7 46. Qc6 Kf7 47. Nd5 Qd6 48. Qc4 Kg7 49. Be3 Nd7 50. Nc7 Kh8 51. Bh6 Qd1 52. Ne6 Bf8 53. Nxf8 Nxf8 54. Bxf8 Qd2+ 55. Kf1 Qd1+ 56. Kf2 Qd2+ 57. Qe2 Qd4+ 58. Kg2 Kg8 59. Ba3 a4 60. Qc2 Kf7 61. Qa2+ Kg7 62. Qe6 g5 63. Qe7+ Kg6 64. h5+ Kf5 65. g4+ 1-0

[Event "Titled Tuesday intern op 09th May Early"]
[Site "Chess.com INT"]
[Date "2023.05.09"]
[Round "7"]
[White "Benmesbah, Natacha"]
[Black "Michelle, Catherina P"]
[Result "0-1"]
[WhiteElo "2261"]
[BlackElo "2193"]
[PlyCount "106"]
[EventDate "2023.05.09"]
[EventType "swiss (blitz)"]
[EventRounds "11"]
[EventCountry "USA"]
[SourceTitle "CBM 214 Extra"]
[Source "ChessBase"]
[SourceDate "2023.07.31"]
[SourceVersion "1"]
[SourceVersionDate "2023.07.31"]
[SourceQuality "1"]

1. e4 c6 2. Nc3 d5 3. Nf3 Bg4 4. h3 Bxf3 5. Qxf3 e6 6. Be2 Nd7 7. d4 dxe4 8. Nxe4 Ngf6 9. 0-0 Be7 10. Rd1 0-0 11. a4 Nxe4 12. Qxe4 Nf6 13. Qd3 Qd5 14. Bf3 Qd7 15. a5 a6 16. Bf4 Nd5 17. Bg3 Bd6 18. Be5 Nf4 19. Qe3 Ng6 20. Bxd6 Qxd6 21. Ra3 Rad8 22. g3 Ne7 23. Rb3 Nf5 24. Qe5 Nxd4 25. Qxd6 Rxd6 26. Rxd4 Rxd4 27. Rxb7 Ra4 28. b4 c5 29. bxc5 Rxa5 30. c6 Rc5 31. Be4 f5 32. Bf3 Rxc2 33. Ra7 Rc8 34. Rxa6 Rc5 35. Ra7 e5 36. Re7 e4 37. Bd1 Rc1 38. Rd7 R8xc6 39. Kg2 Rc8 40. Bb3+ Kh8 41. Be6 g6 42. h4 Re8 43. Bf7 Rf8 44. h5 Kg7 45. hxg6 hxg6 46. Bb3+ Kf6 47. Rd6+ Kg5 48. Be6 Rc2 49. Rb6 e3 50. Kh3 Rxf2 51. Bg8 Rxg8 52. g4 Rh8+ 53. Kg3 f4# 0-1

[Event "Titled Tuesday intern op 09th May Early"]
[Site "Chess.com INT"]
[Date "2023.05.09"]
[Round "4"]
[White "Benmesbah, Natacha"]
[Black "Shubenkova, Veronika"]
[Result "0-1"]
[WhiteElo "2261"]
[BlackElo "1960"]
[PlyCount "56"]
[EventDate "2023.05.09"]
[EventType "swiss (blitz)"]
[EventRounds "11"]
[EventCountry "USA"]
[SourceTitle "CBM 214 Extra"]
[Source "ChessBase"]
[SourceDate "2023.07.31"]
[SourceVersion "1"]
[SourceVersionDate "2023.07.31"]
[SourceQuality "1"]

1. e4 e6 2. Qe2 d5 3. d3 d4 4. e5 c5 5. f4 Nc6 6. Nf3 Nge7 7. a4 Nd5 8. Na3 Be7 9. Nc4 b6 10. g3 Bb7 11. Bg2 0-0 12. 0-0 a6 13. g4 b5 14. Na3 Qb6 15. f5 c4 16. Ng5 Bxg5 17. Bxg5 Ne3 18. Bxe3 dxe3 19. dxc4 b4 20. c5 Qxc5 21. Nc4 Nd4 22. Qxe3 Bxg2 23. Kxg2 Qxc4 24. Rf4 Qxc2+ 25. Rf2 Qc6+ 26. Kh3 Nc2 27. Qg5 f6 28. Qd2 Nxa1 0-1

[Event "Mitropa Cup (Women)"]
[Site "Mali Losinj"]
[Date "2023.04.13"]
[Round "3.2"]
[White "Benmesbah, Natacha"]
[Black "Sala, Giulia"]
[Result "1-0"]
[WhiteElo "2256"]
[BlackElo "2010"]
[PlyCount "81"]
[EventDate "2023.04.11"]
[EventType "team-tourn"]
[EventRounds "9"]
[EventCountry "CRO"]
[SourceTitle "CBM 213 Extra"]
[Source "ChessBase"]
[SourceDate "2023.05.31"]
[SourceVersion "1"]
[SourceVersionDate "2023.05.31"]
[SourceQuality "1"]
[WhiteTeam "France (W)"]
[BlackTeam "Italy (W)"]
[WhiteTeamCountry "FRA"]
[BlackTeamCountry "ITA"]

1. e4 c5 2. Nf3 g6 3. d4 cxd4 4. Qxd4 Nf6 5. Nc3 Nc6 6. Qa4 d6 7. e5 dxe5 8. Nxe5 Bg7 9. Bb5 0-0 10. Nxc6 bxc6 11. Bxc6 Bd7 12. 0-0 Rc8 13. Bxd7 Qxd7 14. Qa5 Rfd8 15. Be3 Ng4 16. Bf4 Bd4 17. h3 Rc5 18. Qa4 Bxc3 19. Qxd7 Rxd7 20. bxc3 Nf6 21. Rfd1 Rxc3 22. Rxd7 Nxd7 23. Rd1 Nf6 24. Bh6 Rc8 25. c4 Ne8 26. Rd7 e5 27. Rxa7 f6 28. Be3 Rxc4 29. a4 Nc7 30. a5 Nd5 31. a6 Nxe3 32. fxe3 Ra4 33. Kf2 f5 34. Ke2 g5 35. Kd3 f4 36. e4 Rd4+ 37. Kc3 Rxe4 38. Rb7 Ra4 39. a7 e4 40. Rb8+ Kg7 41. a8Q 1-0

[Event "Titled Tuesday intern op 21st Feb Late"]
[Site "Chess.com INT"]
[Date "2023.02.21"]
[Round "1"]
[White "Fiorito, Joaquin"]
[Black "Benmesbah, Natacha"]
[Result "1-0"]
[WhiteElo "2348"]
[BlackElo "2256"]
[PlyCount "59"]
[EventDate "2023.02.21"]
[EventType "swiss (blitz)"]
[EventRounds "11"]
[EventCountry "USA"]
[SourceTitle "CBM 212 Extra"]
[Source "ChessBase"]
[SourceDate "2023.03.31"]
[SourceVersion "1"]
[SourceVersionDate "2023.03.31"]
[SourceQuality "1"]

1. d4 Nf6 2. Nc3 d6 3. e4 e5 4. Nf3 Nbd7 5. Bc4 Be7 6. 0-0 0-0 7. Re1 a6 8. a4 b6 9. h3 Bb7 10. b3 c6 11. Bb2 b5 12. Bd3 exd4 13. Nxd4 Ne5 14. f4 Nxd3 15. Qxd3 c5 16. Nf5 c4 17. Nxe7+ Qxe7 18. bxc4 bxc4 19. Qxc4 Rac8 20. Qd4 Rc5 21. Rad1 Rc6 22. Nd5 Qe6 23. Nxf6+ Qxf6 24. Qxf6 gxf6 25. Bxf6 Rxc2 26. Rxd6 Re8 27. Rd3 Kf8 28. Rd4 Rec8 29. Red1 Ke8 30. Rd8+ 1-0

[Event "Titled Tuesday intern op 21st Feb Late"]
[Site "Chess.com INT"]
[Date "2023.02.21"]
[Round "4"]
[White "Golubev, Mikhail"]
[Black "Benmesbah, Natacha"]
[Result "1-0"]
[WhiteElo "2461"]
[BlackElo "2256"]
[PlyCount "97"]
[EventDate "2023.02.21"]
[EventType "swiss (blitz)"]
[EventRounds "11"]
[EventCountry "USA"]
[SourceTitle "CBM 212 Extra"]
[Source "ChessBase"]
[SourceDate "2023.03.31"]
[SourceVersion "1"]
[SourceVersionDate "2023.03.31"]
[SourceQuality "1"]

1. e4 c5 2. Ne2 Nc6 3. Nbc3 g6 4. d4 cxd4 5. Nxd4 Bg7 6. Be3 Nf6 7. Nxc6 bxc6 8. e5 Nd5 9. Nxd5 cxd5 10. Qxd5 Rb8 11. 0-0-0 0-0 12. Bxa7 Rb7 13. Bd4 Qc7 14. Qc5 Qxc5 15. Bxc5 Bxe5 16. Bd4 Bf4+ 17. Kb1 d5 18. g3 Bd6 19. f4 Bg4 20. Rd3 Bf5 21. Rb3 Rc7 22. Bd3 f6 23. Bxf5 gxf5 24. Re1 Re8 25. Rbe3 Kf7 26. b3 Rec8 27. c3 Kg6 28. R1e2 h5 29. h4 Kf7 30. a4 Rb7 31. Ka2 Rcb8 32. b4 Rc8 33. a5 Rb5 34. a6 Ke8 35. a7 Kd7 36. Kb3 Ra8 37. Ra2 Rb7 38. Ra6 Rc7 39. Ka4 Rc4 40. Kb3 Bxb4 41. cxb4 Rxd4 42. b5 Rd2 43. b6 Rd1 44. Kc2 Rd4 45. b7 Rc4+ 46. Kd2 Rd4+ 47. Ke2 Rxa7 48. Rxa7 Kc7 49. Rxe7+ 1-0

[Event "Titled Tuesday intern op 14th Feb Late"]
[Site "Chess.com INT"]
[Date "2023.02.14"]
[Round "7"]
[White "Benmesbah, Natacha"]
[Black "Firat, Burak"]
[Result "0-1"]
[WhiteElo "2256"]
[BlackElo "2471"]
[PlyCount "78"]
[EventDate "2023.02.14"]
[EventType "swiss (blitz)"]
[EventRounds "11"]
[EventCountry "USA"]
[SourceTitle "CBM 212 Extra"]
[Source "ChessBase"]
[SourceDate "2023.03.31"]
[SourceVersion "1"]
[SourceVersionDate "2023.03.31"]
[SourceQuality "1"]

1. e4 c5 2. Nf3 e6 3. b3 a6 4. Bb2 d6 5. c4 Nf6 6. Nc3 Be7 7. d4 cxd4 8. Nxd4 0-0 9. Be2 b6 10. 0-0 Bb7 11. Bf3 Qc7 12. Qe2 Nbd7 13. Rac1 Rac8 14. Rfd1 Qb8 15. g3 Rfe8 16. Bg2 Bf8 17. h3 d5 18. exd5 exd5 19. Qf3 Ne5 20. Qf4 dxc4 21. bxc4 Bxg2 22. Kxg2 Qb7+ 23. Kg1 Rxc4 24. Nce2 Rxc1 25. Rxc1 Ng6 26. Qd2 Qd7 27. Kh2 Ne4 28. Qe3 Nc5 29. Qf3 Ne5 30. Qg2 Ned3 31. Rb1 Nxb2 32. Rxb2 b5 33. Qf3 g6 34. Rc2 Qd6 35. Nb3 Ne4 36. Ned4 Bg7 37. Rc6 Qd5 38. Qe3 Qd7 39. Rxa6 h5 0-1

[Event "Titled Tuesday intern op 17th Jan Early"]
[Site "Chess.com INT"]
[Date "2023.01.17"]
[Round "4"]
[White "Benmesbah, Natacha"]
[Black "Aloma Vidal, Roberto"]
[Result "0-1"]
[WhiteElo "2256"]
[BlackElo "2448"]
[PlyCount "70"]
[EventDate "2023.01.17"]
[EventType "swiss (blitz)"]
[EventRounds "11"]
[EventCountry "USA"]
[SourceTitle "CBM 212 Extra"]
[Source "ChessBase"]
[SourceDate "2023.03.31"]
[SourceVersion "1"]
[SourceVersionDate "2023.03.31"]
[SourceQuality "1"]

1. e4 e5 2. Nf3 Nf6 3. Nxe5 d6 4. Nf3 Nxe4 5. d3 Nf6 6. d4 g6 7. Bd3 Bg7 8. Bg5 0-0 9. 0-0 h6 10. Bh4 c5 11. dxc5 dxc5 12. Nc3 Be6 13. h3 g5 14. Bg3 Nc6 15. Re1 Nb4 16. Ne5 Nxd3 17. Nxd3 b6 18. Be5 Bf5 19. Qf3 Bxd3 20. Rad1 Nd7 21. Bxg7 Kxg7 22. Rxd3 Re8 23. Red1 Ne5 24. Qb7 Nxd3 25. Rxd3 Re1+ 26. Kh2 Qb8+ 27. Qxb8 Rxb8 28. Kg3 b5 29. Nd5 c4 30. Rf3 Rd8 31. Nf6 Rd6 32. Nh5+ Kg6 33. Kh2 Kxh5 34. Rxf7 Kg6 35. Rxa7 Re2 0-1

[Event "Titled Tuesday intern op 17th Jan Late"]
[Site "Chess.com INT"]
[Date "2023.01.17"]
[Round "2"]
[White "Benmesbah, Natacha"]
[Black "Ladan, Nicholas John"]
[Result "0-1"]
[WhiteElo "2256"]
[BlackElo "2114"]
[PlyCount "106"]
[EventDate "2023.01.17"]
[EventType "swiss (blitz)"]
[EventRounds "11"]
[EventCountry "USA"]
[SourceTitle "CBM 212 Extra"]
[Source "ChessBase"]
[SourceDate "2023.03.31"]
[SourceVersion "1"]
[SourceVersionDate "2023.03.31"]
[SourceQuality "1"]

1. e4 e5 2. Nf3 Nc6 3. Bc4 Nf6 4. Ng5 d5 5. exd5 Na5 6. Bb5+ c6 7. dxc6 bxc6 8. Be2 h6 9. Nh3 Bd6 10. d4 Bxh3 11. gxh3 0-0 12. dxe5 Bxe5 13. Qxd8 Raxd8 14. c3 Rfe8 15. Be3 Nd5 16. Bxa7 Nf4 17. Be3 Nxe2 18. Kxe2 Nc4 19. Re1 Nxe3 20. fxe3 Bxh2 21. Nd2 Rd5 22. a4 Rh5 23. a5 Rxh3 24. Nc4 Bf4 25. Kd2 Rh2+ 26. Re2 Rxe2+ 27. Kxe2 Bb8 28. a6 Ba7 29. Rd1 Re7 30. Rd3 h5 31. Na5 Rc7 32. Rd6 h4 33. Nxc6 Bc5 34. Rd8+ Kh7 35. Nd4 g5 36. b4 Be7 37. Rb8 h3 38. Kf2 g4 39. Rb7 Rxb7 40. axb7 Bd6 41. Nf5 Bb8 42. c4 Kg6 43. Ng3 Kg5 44. b5 h2 45. Nh1 g3+ 46. Kg2 Kf5 47. c5 Ke6 48. c6 Kd5 49. e4+ Kc5 50. Kf3 Kxb5 51. e5 Kxc6 52. Nxg3 Bxe5 53. Nh1 Kxb7 0-1

[Event "Titled Tuesday intern op 17th Jan Early"]
[Site "Chess.com INT"]
[Date "2023.01.17"]
[Round "1"]
[White "Yelisieiev, Yevhenii"]
[Black "Benmesbah, Natacha"]
[Result "0-1"]
[WhiteElo "2403"]
[BlackElo "2256"]
[PlyCount "102"]
[EventDate "2023.01.17"]
[EventType "swiss (blitz)"]
[EventRounds "11"]
[EventCountry "USA"]
[SourceTitle "CBM 212 Extra"]
[Source "ChessBase"]
[SourceDate "2023.03.31"]
[SourceVersion "1"]
[SourceVersionDate "2023.03.31"]
[SourceQuality "1"]

1. d4 d6 2. Nf3 Nf6 3. g3 g6 4. Bg2 Bg7 5. 0-0 0-0 6. b3 c6 7. Bb2 d5 8. c4 Bf5 9. Nc3 Ne4 10. Nh4 Nxc3 11. Bxc3 Be6 12. e4 dxc4 13. bxc4 Bxc4 14. Re1 Nd7 15. a4 c5 16. e5 cxd4 17. Qxd4 Ba6 18. Rab1 Nb6 19. a5 Qxd4 20. Bxd4 Nc4 21. Bxb7 Bxb7 22. Rxb7 Nxa5 23. Rxe7 Nc6 24. Rd7 Nxd4 25. Rxd4 Rfd8 26. Ra4 Re8 27. f4 Bf8 28. Rc1 Rec8 29. Re1 Rc2 30. f5 Bc5+ 31. Kh1 gxf5 32. Nxf5 Rd8 33. Rh4 a5 34. Rf1 Rf2 35. Rg4+ Kf8 36. Rxf2 Bxf2 37. Ra4 Be1 38. Kg2 Rd5 39. Re4 Bc3 40. Nd6 Bxe5 41. Nc4 Bc3 42. Re3 Bb4 43. Kf3 a4 44. Nb6 Rf5+ 45. Kg4 Rb5 46. Nd7+ Kg7 47. Re2 a3 48. Ra2 Bd6 49. h4 Rb2 50. Ra1 a2 51. Nc5 Bxc5 0-1

[Event "Sitges Sunway op 9th"]
[Site "Sitges"]
[Date "2022.12.15"]
[Round "4"]
[White "Benmesbah, Natacha"]
[Black "Khandhar, Kaushal"]
[Result "1-0"]
[WhiteElo "2268"]
[BlackElo "2020"]
[PlyCount "78"]
[EventDate "2022.12.12"]
[EventType "swiss"]
[EventRounds "10"]
[EventCountry "ESP"]
[SourceTitle "CBM 211 Extra"]
[Source "ChessBase"]
[SourceDate "2023.01.31"]
[SourceVersion "1"]
[SourceVersionDate "2023.01.31"]
[SourceQuality "1"]

1. e4 e6 2. Qe2 c5 3. Nf3 Nc6 4. g3 g6 5. Bg2 Bg7 6. 0-0 Nge7 7. c3 d5 8. exd5 exd5 9. d4 cxd4 10. Nxd4 Nxd4 11. cxd4 h6 12. Nc3 0-0 13. Bf4 Be6 14. Rad1 Nc6 15. Qd2 Kh7 16. Nb5 Rc8 17. Bd6 Rg8 18. Bf4 a6 19. Nc3 b5 20. Be3 Qd7 21. Rc1 Ne7 22. Ne2 Nf5 23. Nf4 Rxc1 24. Rxc1 Rc8 25. Rxc8 Qxc8 26. Nxd5 Bxd5 27. Bxd5 Qd7 28. Be4 Nxd4 29. h4 f5 30. Bg2 h5 31. Kh2 Qd6 32. Qc1 Ne2 33. Qc2 Nd4 34. Qc8 Ne6 35. Ba7 Bxb2 36. Bb8 Qe7 37. Bd5 Nf8 38. Qxa6 Bd4 39. Bd6 Qd7 1-0

[Event "Sitges Sunway op 9th"]
[Site "Sitges"]
[Date "2022.12.14"]
[Round "3"]
[White "Kaasen, Tor Fredrik"]
[Black "Benmesbah, Natacha"]
[Result "1-0"]
[WhiteElo "2452"]
[BlackElo "2268"]
[PlyCount "167"]
[EventDate "2022.12.12"]
[EventType "swiss"]
[EventRounds "10"]
[EventCountry "ESP"]
[SourceTitle "CBM 211 Extra"]
[Source "ChessBase"]
[SourceDate "2023.01.31"]
[SourceVersion "1"]
[SourceVersionDate "2023.01.31"]
[SourceQuality "1"]

1. d4 d6 2. Nf3 Nf6 3. c4 g6 4. Nc3 Bf5 5. d5 Bg7 6. Nd4 Bd7 7. e4 c5 8. Nc2 0-0 9. Be2 e6 10. 0-0 exd5 11. exd5 a6 12. Bf4 Ne8 13. a4 f5 14. Qd2 Bc8 15. Bg5 Qc7 16. Rfe1 Nf6 17. Bf1 Nbd7 18. f4 Rf7 19. a5 Nf8 20. Bd3 Bd7 21. Bh4 Re8 22. Rxe8 Bxe8 23. h3 Re7 24. Ne1 Bd7 25. Nf3 Re8 26. Qc2 Nh5 27. Ne2 b6 28. axb6 Qxb6 29. Be1 Bc8 30. Ra2 Nd7 31. g3 Ndf6 32. Nc3 Ne4 33. Nxe4 fxe4 34. Bxe4 Nf6 35. Bd3 Bxh3 36. Bf2 Ng4 37. Qa4 Qd8 38. b3 Nxf2 39. Kxf2 Bg4 40. Qxa6 Bxf3 41. Kxf3 Bd4 42. Kg2 Re3 43. Qb7 Qe7 44. Qa8+ Qe8 45. Qxe8+ Rxe8 46. Be2 Bg7 47. Bg4 Rb8 48. Be6+ Kh8 49. g4 h6 50. Ra3 g5 51. fxg5 hxg5 52. b4 Bb2 53. Rh3+ Kg7 54. b5 Rb6 55. Rf3 Bf6 56. Kf1 Rb7 57. Ra3 Be7 58. Ra8 Kf6 59. Ke2 Ke5 60. Ke3 Bf6 61. Bf5 Be7 62. Kd3 Kf4 63. Re8 Bf6 64. Rf8 Bg7 65. Rd8 Ke5 66. Rg8 Bf6 67. Kc2 Re7 68. Be6 Rh7 69. Rf8 Rg7 70. Bf5 Rb7 71. Kb3 Be7 72. Rf7 Kd4 73. Bc8 Rb8 74. Rxe7 Rxc8 75. b6 Rb8 76. b7 Kd3 77. Rg7 Kd4 78. Ka4 Kxc4 79. Ka5 Kxd5 80. Kb6 Ke5 81. Rxg5+ Kf4 82. Rd5 Kxg4 83. Rxd6 Kf4 84. Rc6 1-0

[Event "FRA-ch (Women)"]
[Site "Albi"]
[Date "2022.08.18"]
[Round "3.3"]
[White "Benmesbah, Natacha"]
[Black "Djidjeli, Sarah"]
[Result "1-0"]
[WhiteElo "2268"]
[BlackElo "2028"]
[PlyCount "87"]
[EventDate "2022.08.12"]
[EventType "k.o."]
[EventRounds "4"]
[EventCountry "FRA"]
[SourceTitle "CBM 209 Extra"]
[Source "ChessBase"]
[SourceDate "2022.09.30"]
[SourceVersion "1"]
[SourceVersionDate "2022.09.30"]
[SourceQuality "1"]

1. e4 c5 2. Nf3 Nc6 3. Bb5 g6 4. 0-0 Bg7 5. d3 d6 6. e5 dxe5 7. Bxc6+ bxc6 8. Re1 Qc7 9. Na3 Nf6 10. Nxe5 Nd5 11. Nac4 0-0 12. a3 Ba6 13. Qg4 Bxc4 14. Nxc4 e5 15. Be3 Qe7 16. Qg3 Rae8 17. Bg5 f6 18. Rxe5 Qf7 19. Nd6 Qd7 20. Rxe8 Rxe8 21. Nxe8 Qxe8 22. Be3 Qe7 23. c4 Nb6 24. h3 f5 25. Rb1 Nd7 26. Qc7 Be5 27. Qxc6 f4 28. Bd2 Nf6 29. Bc3 Bd4 30. Re1 Qf7 31. Bxd4 cxd4 32. Qd6 Qf8 33. Qxf8+ Kxf8 34. Re6 Nd7 35. b4 Kf7 36. Ra6 Ne5 37. Rxa7+ Ke6 38. b5 Nxd3 39. b6 Ne5 40. b7 Nd7 41. Ra6+ Ke7 42. Ra8 d3 43. Kf1 f3 44. gxf3 1-0

[Event "FRA-ch (Women)"]
[Site "Albi"]
[Date "2022.08.15"]
[Round "2.2"]
[White "Guichard, Pauline"]
[Black "Benmesbah, Natacha"]
[Result "0-1"]
[WhiteElo "2379"]
[BlackElo "2268"]
[PlyCount "122"]
[EventDate "2022.08.12"]
[EventType "k.o."]
[EventRounds "4"]
[EventCountry "FRA"]
[SourceTitle "CBM 209 Extra"]
[Source "ChessBase"]
[SourceDate "2022.09.30"]
[SourceVersion "1"]
[SourceVersionDate "2022.09.30"]
[SourceQuality "1"]

1. d4 d5 2. c4 c5 3. cxd5 Qxd5 4. Nf3 cxd4 5. Nc3 Qa5 6. Nxd4 Nf6 7. Qd3 a6 8. g3 e5 9. Nb3 Qc7 10. Bg2 Bb4 11. Bg5 Bxc3+ 12. Qxc3 Qxc3+ 13. bxc3 Nbd7 14. c4 0-0 15. 0-0 h6 16. Be3 Re8 17. c5 e4 18. Rfd1 Ne5 19. Na5 Rb8 20. Rab1 Be6 21. Rxb7 Bxa2 22. Rxb8 Rxb8 23. Bf4 Re8 24. c6 Ng6 25. Bh3 Nxf4 26. gxf4 Be6 27. Bxe6 fxe6 28. Rb1 Nd5 29. e3 Rc8 30. Kg2 Kf8 31. Kg3 Ke7 32. Kh4 g6 33. Rg1 Kf6 34. Rc1 Ne7 35. Rc5 Rc7 36. Kg4 Kf7 37. Nc4 Kf6 38. Ne5 Nd5 39. h4 Ra7 40. Ra5 Nc7 41. h5 gxh5+ 42. Kxh5 Nd5 43. Kxh6 Ra8 44. Nd7+ Ke7 45. Rxd5 exd5 46. Nb6 Rb8 47. Nxd5+ Kd6 48. c7 Rc8 49. Nf6 Kxc7 50. Nxe4 a5 51. f5 Kd7 52. f6 a4 53. Kg7 a3 54. Nd2 a2 55. Nb3 Rb8 56. Na1 Ke6 57. f4 Rb7+ 58. Kg6 Rb1 59. f5+ Kd7 60. Nc2 Rg1+ 61. Kf7 Rc1 0-1